Transforming Schools : Creating a Culture of Continuous Improvement /
Guardat en:
| Autor principal: | |
|---|---|
| Altres autors: | , , |
| Format: | Llibre |
| Idioma: | anglès |
| Publicat: |
Alexandria, EUA :
Association for Supervision and Curriculum Development,
2004, c2004
|
| Matèries: | |
| Etiquetes: |
Sense etiquetes, Sigues el primer a etiquetar aquest registre!
|
MARC
| LEADER | 00000nam^a2200000^a^4500 | ||
|---|---|---|---|
| 001 | 000344292 | ||
| 005 | 20250521000000.0 | ||
| 009 | 20260310114645.625 | ||
| 020 | |a 0-87120-845-8 | ||
| 037 | |a Acervo ITESO - Biblioteca | ||
| 041 | |a ING | ||
| 082 | |a 371. 207 |b ZMU | ||
| 100 | |a Zmuda, Allison |e (autor) | ||
| 240 | 1 | 1 | |a [Escuelas en transformación: hacia una cultura de mejora continua] |
| 245 | 1 | 0 | |a Transforming Schools : |b Creating a Culture of Continuous Improvement / |c A. Zmuda, R. Kuklis, E. Kline ; pról. de J. McTighe. |
| 264 | 4 | |a Alexandria, EUA : |b Association for Supervision and Curriculum Development, |c 2004, c2004 | |
| 300 | |a IX, 195 p. | ||
| 336 | |a texto |b txt |2 rdacontenido | ||
| 337 | |a sin mediación |b n |2 rdamedio | ||
| 338 | |a volumen |b nc |2 rdasoporte | ||
| 649 | |a XX | ||
| 650 | |a Innovación Educativa - |x Tema Principal | ||
| 650 | |a Innovación Administrativa - |x Tema Principal | ||
| 650 | |a Planeación Educativa | ||
| 650 | |a Cambio Organizacional | ||
| 650 | |a Práctica Educativa | ||
| 650 | |a Proceso Educativo | ||
| 650 | |a Administración Educativa | ||
| 650 | |a Educación | ||
| 700 | |a Kuklis, Robert |e (autor) | ||
| 700 | |a Kline, Everett |e (autor) | ||
| 700 | |a McTighe, Jay |e (prólogo) | ||
| 910 | |a Fondo General | ||
| 920 | |a Impresos - Libros | ||
| 930 | |a Colección General | ||
| 905 | |a 101 | ||
| 901 | |a 0500234855 |b IT1 |c ACC |i D63723 |u 20250521 | ||
| 902 | |a https://opac.biblio.iteso.mx/vufind/Record/000344292 | ||